[Event "Copenhagen BSF"]
[Site "Copenhagen"]
[Date "1995.??.??"]
[Round "6"]
[White "Hansen, Lars Bo"]
[Black "Maksimenko, Andrei"]
[Result "1/2-1/2"]
[WhiteElo "2580"]
[BlackElo "2525"]
[Annotator "Hansen,LB"]
[PlyCount "83"]
[EventDate "1995.03.??"]
[EventType "tourn"]
[EventRounds "11"]
[EventCountry "DEN"]
[EventCategory "12"]
[SourceTitle "CBM 046"]
[Source "ChessBase"]
[SourceDate "1995.06.01"]
[SourceVersion "1"]
[SourceVersionDate "1995.06.01"]
[SourceQuality "1"]

1. d4 d5 2. c4 c6 3. Nc3 Nf6 4. e3 e6 5. Nf3 Nbd7 6. Bd3 dxc4 7. Bxc4 b5 8. Be2
Bb7 9. O-O a6 10. e4 c5 11. e5 Nd5 12. a4 b4 13. Ne4 Qc7 $5 14. a5 h6 15. Qd3
$5 $146 (15. Bc4 Be7 16. dxc5 Nxc5 17. Nxc5 Bxc5 18. Qe2 O-O 19. Bd3 Rfd8 20.
Bd2 Ne7 21. Be4 Bxe4 22. Qxe4 Nc6 23. Rfc1 Rd5 24. Be3 Bxe3 25. Qxe3 Qd7 $15 {
X a5,e5/b4; Horvath,C-Sorokin,M/EUCup Balatonbereny/1993/}) (15. Re1 Be7 16.
dxc5 Nxc5 17. Nxc5 Bxc5 18. Bd3 O-O 19. Qe2 Rfd8 20. Bd2 Ne7 21. Rec1 {1/2-1/2/
Ryskin,A-Yakovich,Y/Vladivostok/1994/}) 15... Be7 16. Bd2 O-O 17. Rfc1 Rfc8 (
17... Rfd8 $5) (17... Bc6 $5) 18. Ne1 $1 {->} Bc6 19. Qg3 cxd4 20. Bxh6 $1 Bf8
$8 (20... Qxe5 $2 21. f4 Bh4 $5 (21... Nxf4 22. Bxf4 Qxe4 23. Bf3 $18) 22. Qg4
$1 f5 (22... N7f6 $4 23. Qxg7#) (22... Ne3 23. Qxh4 Qxe4 24. Bd3 $1 Qd5 25. Qg3
$40) 23. Qxh4 $1 Qxe4 24. Qg5 $18) 21. Nd6 $16 Rd8 22. Nf3 Nxe5 23. Nxe5 Rxd6
24. Rc4 (24. Bh5 $1 g6 $8 25. Bxg6 $1 Bxh6 $8 (25... fxg6 26. Qxg6+ Bg7 (26...
Kh8 27. Nf7+ Qxf7 28. Qxf7 Bxh6 29. Rc4 $16) 27. Nxc6 $18) 26. Bxf7+ Kf8 $8 (
26... Kh8 27. Qg6 $1 Bf4 (27... Bxc1 28. Rxc1 $18) 28. g3 $1 $18) 27. Qg8+ Ke7
28. Qh7 $1 $40) 24... f6 $1 25. Nd3 $2 (25. Nxc6 Rxc6 26. Qxc7 Rxc7 27. Rxc7
Nxc7 28. Bd2 $13 {^ Rc1;X a6}) 25... Qa7 $1 $17 26. Rac1 Bb5 27. Rc8 Rxc8 28.
Rxc8 Rc6 29. Rxc6 Bxc6 30. Bd2 e5 $5 31. Bg4 Bd7 32. Nxb4 $5 $138 Bxb4 33. Qb3
Qc5 $2 (33... Qb7 $1 34. Bf3 (34. Bxd7 Qxd7 35. Bxb4 Qb5 36. Qa2 Kh8 37. Be1
Qe2 38. Qb1 Nf4 $19) 34... Be6 35. Bxd5 $8 (35. Bxb4 $2 Qxb4 $19 36. Bxd5 $2
Qe1#) 35... Bxd5 36. Qxb4 Bxg2 $1 37. Qxb7 Bxb7 $17) 34. Bxb4 Qc1+ 35. Bd1 Be6
36. Be1 e4 37. Qc2 $10 Qxc2 38. Bxc2 f5 39. Bd2 d3 40. Bb3 Nc7 41. Ba4 Bd5 42.
Kf1 1/2-1/2

[Event "RUS-ch51"]
[Site "St Petersburg"]
[Date "1998.08.05"]
[Round "9"]
[White "Tunik, Gennady"]
[Black "Galkin, Alexander"]
[Result "0-1"]
[WhiteElo "2480"]
[BlackElo "2540"]
[Annotator "Hecht,H"]
[PlyCount "194"]
[EventDate "1998.07.28"]
[EventType "swiss"]
[EventRounds "11"]
[EventCountry "RUS"]
[SourceTitle "CBM 067"]
[Source "ChessBase"]
[SourceDate "1998.11.30"]
[SourceVersion "2"]
[SourceVersionDate "1998.11.01"]
[SourceQuality "1"]

1. d4 d5 2. c4 c6 3. Nf3 Nf6 4. Nc3 e6 5. e3 Nbd7 6. Bd3 dxc4 7. Bxc4 b5 8. Be2
Bb7 9. O-O a6 10. e4 c5 11. e5 Nd5 12. a4 b4 13. Ne4 Qc7 14. a5 h6 15. Qd3 Be7
16. Bd2 O-O 17. Rfc1 Rfc8 18. Ne1 Qd8 19. Qg3 Kh8 20. dxc5 Nxc5 21. Nxc5 Bxc5
22. Rc4 Bf8 23. Rd4 Bc6 24. Bf3 Qc7 25. Nd3 Rab8 26. h3 Ne7 27. Bg4 Nd5 28. Kh2
Qa7 29. Re4 Rd8 30. Rc1 Qd7 31. Nc5 Bxc5 32. Rxc5 Nc3 33. Rxb4 Ne4 34. Rxe4
Bxe4 35. Bc3 Rbc8 36. Rxc8 Qxc8 37. Be2 Qc6 38. f3 Bd3 39. Qh4 Rd7 40. Bd1 Qc5
41. Ba4 Bb5 42. Bc2 Qe3 43. Qe4 Qxe4 44. Bxe4 Rd1 45. Kg3 Rf1 46. Bc2 Kg8 47.
Be4 Kf8 48. h4 Ke8 49. Bb4 Rh1 50. Bd6 Re1 51. b4 Re2 52. Kh2 h5 53. Kg1 Rd2
54. Bc5 Kd7 55. Be3 Rb2 56. Bc5 Rd2 57. Be3 Rd1+ 58. Kh2 Bd3 59. Ba8 Rb1 60.
Bc5 Rb2 61. Kg1 g6 62. Bb7 Kc7 63. Ba8 Rc2 64. Kh2 Re2 65. Bd4 Rd2 66. Bb6+ Kd7
67. Bb7 Rb2 68. Bc5 Rc2 69. Bb6 Ra2 70. Kg1 Re2 71. Bd4 Rc2 72. Bc5 Kc7 73. Ba8
Rc4 74. g3 Rc3 75. Bd6+ Kc8 76. g4 Bb5 77. gxh5 gxh5 78. Kf2 Bc6 79. Bxc6 Rxc6
{Blockierte Stellung mit Bauernschwächen; Technik + Taktik} 80. Bc5 Kb7 81. Kg3
Rc8 82. Kf4 Rg8 83. Be7 Kc6 84. Bc5 Kd5 85. Be7 Rg2 86. Bc5 $2 (86. Bf8 $142
Re2 87. Bg7 {[%csl Rh5][%cal Rf4g5]} Rc2 88. Kg5 Rg2+ 89. Kf6 Rf2 90. Kxf7
Rxf3+ 91. Kg6 $13) 86... Re2 87. Bd6 f6 $1 $19 88. Be7 Rxe5 89. Kg3 Rf5 90. Bc5
Kc4 91. Be7 Kd3 92. Bc5 e5 93. Bd6 Ke3 94. Bc5+ Ke2 95. Kg2 Rxf3 96. b5 axb5
97. a6 Rf4 0-1

[Event "Reykjavik zt 1.3"]
[Site "Reykjavik"]
[Date "2000.09.05"]
[Round "1.1"]
[White "Nilssen, John Arni"]
[Black "Gausel, Einar"]
[Result "0-1"]
[WhiteElo "2354"]
[BlackElo "2492"]
[Annotator "Hecht,H"]
[PlyCount "156"]
[EventDate "2000.09.05"]
[EventType "k.o."]
[EventRounds "3"]
[EventCountry "ISL"]
[SourceTitle "CBM 079"]
[Source "ChessBase"]
[SourceDate "2000.11.21"]
[SourceVersion "1"]
[SourceVersionDate "2000.11.21"]
[SourceQuality "1"]

1. d4 d5 2. c4 c6 3. Nc3 Nf6 4. e3 e6 5. Nf3 Nbd7 6. Bd3 dxc4 7. Bxc4 b5 8. Be2
Bb7 9. e4 b4 10. e5 bxc3 11. exf6 Nxf6 12. bxc3 Bd6 13. Rb1 Qc7 14. Nd2 O-O 15.
Nc4 Be7 16. O-O Nd5 17. Bd2 Rab8 18. Ne5 c5 19. Qa4 Ba8 20. Bd3 Bd6 21. Qc2
Bxe5 22. dxe5 h6 23. Rfe1 c4 24. Bh7+ Kh8 25. Be4 Rxb1 26. Qxb1 Qxe5 27. Qc1
Qf6 28. Qa3 Qe7 29. Qa6 Qc5 30. Qa4 Rd8 31. Qc2 Qd6 32. Bc1 Qe5 33. Bd2 Nb4 34.
cxb4 Bxe4 35. Qc3 Qxc3 36. Bxc3 {[#] Lavieren mit Bauernreduzierung} Bc6 37.
Rc1 Rd3 38. f3 f6 39. Kf2 e5 40. Be1 Ra3 41. Rxc4 Rxa2+ 42. Kg1 Bb5 43. Rc5 a6
44. h4 h5 45. Bc3 Kg8 46. Be1 Kf7 47. Rc7+ Kg6 48. Re7 Rc2 49. Bf2 Rc1+ 50. Kh2
Bf1 51. Kg1 Bd3+ 52. Kh2 Rc4 53. Be1 Kh7 54. Rd7 e4 55. fxe4 Bxe4 56. Kg1 Rc1
57. Kf2 Rc2+ 58. Bd2 Kg6 59. g3 Ra2 60. Ke3 Bc6 61. Rd4 Ra3+ 62. Rd3 Ra1 63.
Rc3 Bb5 64. Rc1 Ra2 65. Rc5 Rb2 66. Rc7 Rb3+ 67. Kf2 Rb1 68. Rc5 Rf1+ 69. Ke3
Rh1 70. Kd4 Rg1 71. Bf4 Rd1+ 72. Kc3 Rd3+ 73. Kc2 Rf3 74. Kb2 Ba4 75. Rc3 Rf2+
76. Ka3 Be8 {Nach guter Verteidigung übersieht Weiß die tödliche Mattfalle} 77.
Rc5 $4 {[%mdl 12288]} (77. Re3 Bf7 78. Ka4 Ra2+ 79. Ra3 Re2 (79... Rxa3+ 80.
Kxa3 Kf5 81. Kb2 Kg4 82. Bb8 g5 83. hxg5 fxg5 84. Bc7 h4 85. gxh4 gxh4 86. Bd8
h3 87. Bc7 Kf3 88. Kc3 Kg2 89. Kb2 h2 90. Bxh2 Kxh2 91. Ka1 $11) 80. Ka5 Bc4
81. Rc3 Bb5 82. Rc7 $15) 77... Bf7 $1 78. b5 a5 $1 0-1

[Event "Politiken zt"]
[Site "Munkebo"]
[Date "1998.09.10"]
[Round "1.1"]
[White "Olafsson, Helgi"]
[Black "Rodgaard, John"]
[Result "1-0"]
[WhiteElo "2505"]
[BlackElo "2320"]
[Annotator "Hecht,H"]
[PlyCount "91"]
[EventDate "1998.09.10"]
[EventType "k.o."]
[EventRounds "5"]
[EventCountry "DEN"]
[SourceTitle "CBM 067"]
[Source "ChessBase"]
[SourceDate "1998.11.30"]
[SourceVersion "2"]
[SourceVersionDate "1998.11.01"]
[SourceQuality "1"]

1. c4 e6 2. Nc3 d5 3. d4 c6 4. e3 Nf6 5. Nf3 Nbd7 6. Bd3 dxc4 7. Bxc4 b5 8. Bd3
b4 9. Ne4 Be7 10. Nxf6+ Nxf6 11. e4 Bb7 12. O-O c5 13. dxc5 Bxc5 14. Bg5 h6 15.
Bh4 Qb6 16. Qe2 O-O 17. Ne5 Qc7 18. Bg3 Qe7 19. Rac1 Rac8 20. Nc4 Rfd8 21. Na5
Rxd3 22. Qxd3 Bxe4 23. Qa6 Rd8 24. Rfd1 Rxd1+ 25. Rxd1 Bd5 26. Qc8+ Kh7 27. Nc6
Bxc6 28. Qxc6 Nd5 29. Re1 h5 30. h3 g6 31. Be5 Nb6 32. Rd1 Nc4 33. Rd7 Nxe5 34.
Rxe7 Nxc6 35. Rxf7+ Kh6 36. Rc7 Bd4 37. Rxc6 e5 38. b3 Kg5 39. Rc4 Bc3 40. Rc7
Bd4 41. Rc4 Bc3 42. a3 $1 a5 43. a4 {[%csl Ra5]} Kf5 44. Kf1 {Verhindert den
Königsmarsch nach c2, ehe der Ba5 erobert wird.Wir sehen dennoch nach, was
passiert, wenn Weiß den Ba5 und danach alsbald den Läufer gewinnt:} (44. Rc5
Ke4 45. Rb5 Kd3 46. Rxa5 Kc2 47. Rb5 Kxb3 48. a5 Bd4 49. a6 Kc3 50. Rb7 b3 51.
a7 Bxa7 52. Rxa7 b2 53. Rb7 Kc2 54. Kf1 b1=Q+ 55. Rxb1 Kxb1 56. Ke2 Kc2 57. Ke3
Kd1 58. f4 $1 exf4+ 59. Kxf4 Ke2 60. Kg5 (60. g4 h4 (60... hxg4 61. hxg4 Kf2
62. g5 {[%cal Rf4e5,Re5f6,Rf6g6]}) 61. Kg5 Kf3 62. Kxg6 (62. Kxh4 Kf4 63. g5
Kf3 {patt}) 62... Kg3 63. Kf5 Kxh3 64. g5 Kg2 65. g6 h3 66. g7 h2 67. g8=Q+ Kf2
68. Qd5 Kg1 69. Qd4+ Kg2 70. Qg4+ Kf2 71. Qh3 Kg1 72. Qg3+ Kh1 73. Qe1+ Kg2 74.
Qe2+ Kg1 75. Kg4 h1=Q 76. Kg3 $18) 60... Kf2 61. Kxg6 Kxg2 62. h4 Kg3 63. Kxh5
Kf4 64. Kg6 $18 {Das ist alles sehr knapp; deshalb ist der Textzug
selbstverständlich besser und klarer.}) 44... Bd4 45. Rc6 Ke4 46. Ke2 1-0

[Event "Gistrup"]
[Site "Gistrup"]
[Date "1996.??.??"]
[Round "9"]
[White "Aleksandrov, Aleksej"]
[Black "Schandorff, Lars"]
[Result "1-0"]
[WhiteElo "2550"]
[BlackElo "2495"]
[Annotator "Kantsler,B"]
[PlyCount "73"]
[EventDate "1996.07.15"]
[EventType "tourn"]
[EventRounds "9"]
[EventCountry "DEN"]
[EventCategory "10"]
[SourceTitle "CBM 055"]
[Source "ChessBase"]
[SourceDate "1996.12.01"]
[SourceVersion "1"]
[SourceVersionDate "1996.12.01"]
[SourceQuality "1"]

1. d4 {Petursson Lutz} d5 2. c4 c6 3. Nc3 Nf6 4. e3 e6 5. Nf3 Nbd7 6. Bd3 dxc4
7. Bxc4 b5 8. Be2 Bb7 9. O-O a6 10. e4 c5 11. e5 Nd5 12. a4 (12. Bg5 Nxc3 13.
bxc3 Be7 14. Bxe7 Qxe7 15. a4 b4 16. cxb4 cxb4 17. a5 O-O $13 {Zilberman,
J-Bykhovsky,Av/ISR/1996/0,5/40/}) 12... b4 13. Ne4 Qc7 (13... h6 14. Nfd2 $1
Be7 15. Nc4 O-O 16. Ncd6 Bc6 17. Nxc5 Bxd6 18. exd6 Nb8 19. Ne4 $14 {Khenkin,
I-Shabalov,A/URS/1989/1:0/48/}) (13... Be7 14. Bg5 O-O 15. Nd6 Bxg5 16. Nxb7
Qe7 17. Nxc5 Nxc5 18. dxc5 Bh6 19. Qc2 Rfc8 20. c6 Qc7 $15 {Sokolov,I-Shirov,A/
Groningen(izt)/1993/0:1/53/}) (13... cxd4 {Lutz}) 14. Re1 (14. a5 {Lutz}) 14...
h6 15. b3 {Lutz: Der folgende weiße Plan wurde in dieser Variante noch nicht
gespielt, verdient aber dennoch Beachtung: Weiß entwickelt sich mit b3, Bb2,
Rc1 und läßt dann Nfd2-c4 folgen.} Be7 16. Bb2 O-O 17. Rc1 Rac8 18. Nfd2 $1 {
/\Nc4,Nd6/} Nf4 19. Bf1 Qb8 20. Nc4 Qa8 21. f3 Bxe4 22. Rxe4 Nd5 23. Kh1 Rfd8
24. Nd6 Rc6 (24... Bxd6 $6 25. exd6 N7f6 26. dxc5 Nxe4 27. fxe4 Nc3 28. Bxc3
bxc3 29. Rxc3 $16) 25. dxc5 Nxc5 26. Re1 Bg5 $6 (26... Bxd6 $5 27. exd6 Nd7 (
27... Rdxd6 $6 28. Qd4 Nf6 29. Qxb4 $14) 28. Qd4 N7f6 $13) 27. Rc4 $1 {Sets up
a refined trap. Black falls for it:} Ne3 $2 (27... Nd7 $32 28. Qc2 $16) 28.
Rxe3 Bxe3 29. Qe2 $1 Bg5 30. Qc2 $1 Be3 $8 (30... Qa7 31. Bd4 $18) 31. f4 $1
Rcxd6 32. exd6 Nd7 (32... Rxd6 $2 33. Qe2 $18) 33. Qd3 Bc5 $2 (33... Bb6 34.
Rxb4 $16) 34. Rxc5 $1 Nxc5 35. Qd4 e5 36. Qxe5 $1 Ne6 37. f5 1-0

[Event "Dresden Eisenbahner Schachturnier"]
[Site "Dresden"]
[Date "1985.11.24"]
[Round "7"]
[White "Boensch, Uwe"]
[Black "Chekhov, Valery A"]
[Result "1-0"]
[WhiteElo "2445"]
[BlackElo "2495"]
[Annotator "Kharitonov,A"]
[PlyCount "93"]
[EventDate "1985.11.18"]
[EventType "tourn"]
[EventRounds "13"]
[EventCountry "DDR"]
[EventCategory "9"]
[SourceTitle "MCL"]
[Source "ChessBase"]
[SourceDate "1999.07.01"]
[SourceVersion "1"]
[SourceVersionDate "1999.07.01"]
[SourceQuality "1"]

1. d4 d5 2. Nf3 Nf6 3. c4 e6 4. Nc3 c6 5. e3 Nbd7 6. Bd3 dxc4 7. Bxc4 b5 8. Be2
Bb7 (8... a6 9. e4 b4 10. e5 bxc3 11. exf6 Nxf6 (11... cxb2 12. fxg7 bxa1=Q 13.
gxh8=Q $13) (11... Bb4 12. O-O Nxf6 13. bxc3 Bxc3 14. Ba3 Bxa1 15. Qxa1 $40 {
Bondarevsky,I-Kotov,A/URS-ch/1948/0:1/38/}) 12. bxc3 Bd6 13. O-O O-O 14. c4 (
14. Bg5 c5 $10) 14... c5 15. Ba3 Qa5 16. Bxc5 $6 (16. Bb2 $5 $10) 16... Bxc5
17. dxc5 Rd8 18. Qb3 Qxc5 $15 {Seirawan,Y-Kramnik,V/Manila olm/1992/0:1/61/})
9. O-O b4 (9... a6 10. e4 b4 11. e5 $16) (9... a6 10. e4 c5 11. e5 Nd5 12. a4
b4 13. Ne4 cxd4 14. Bg5 Qa5 15. Qxd4 h6 16. Bh4 Qb6 17. Qd2 $14 {Vyzmanavin,
A-Sorokin,M/URS-ch/1991/1:0/32/}) 10. Na4 Rc8 (10... Be7 11. Bd2 Ne4 12. Qc2 c5
(12... Nxd2 13. Nxd2 $16) 13. Nxc5 Nexc5 14. dxc5 Bxc5 15. Bb5 $16 {
Bondarevsky,I-Zagorovsky,V/Leningrad/1949/1:0/24/}) 11. b3 (11. a3 a5 12. axb4
axb4 13. Bd2 Ne4 14. Qb3 $14) (11. Bd2 Ne4 (11... c5 $2 12. dxc5 Nxc5 13. Nxc5
Bxc5 14. Qa4+ Bc6 15. Bb5 Qb6 16. Bxc6+ Qxc6 17. Qxc6+ Rxc6 18. Rfc1 $16) 12.
Rc1 a5 $13) 11... Be7 12. Bb2 O-O 13. Rc1 $16 c5 14. Ne5 $6 (14. dxc5 Nxc5 15.
Nxc5 Bxc5 16. Ne5 Qe7 17. Bd3 Rfd8 18. Qe2 $16) 14... cxd4 $6 (14... Nxe5 $5
15. dxe5 Nd5 $13) 15. Nxd7 Qxd7 (15... Nxd7 $2 16. Qxd4 Bf6 17. Qxa7 $18) 16.
Qxd4 Rxc1 (16... Bd5 17. f3 $14) (16... Qxd4 17. Bxd4 a6 (17... a5 18. Bb6 $16)
18. Nc5 $16) 17. Rxc1 Rc8 18. Rxc8+ (18. Qxa7 $2 Rxc1+ 19. Bxc1 Qc6 $19) 18...
Bxc8 19. f3 $14 Qc7 (19... Qxd4 20. Bxd4 a5 21. e4 (21. Bb6 Nd5 $1) 21... Bd8
22. Kf2 $14) 20. e4 Bd7 (20... Qc2 21. Qc4 Qxc4 22. Bxc4 Nd7 23. Bd4 a6 24. Kf2
$14) 21. Qc4 Qxc4 (21... Qb8 $6 22. Nc5 Be8 23. Na6) (21... Bd6 22. Qxc7 Bxc7
23. Bd4 a5 (23... Bxa4 24. bxa4 Bb6 25. Bxb6 axb6 26. e5 Nd5 27. Bc4 Nc3 28.
Bb3 $16) 24. Bb6 Ne8 25. Bxc7 Nxc7 26. Nb6 Bb5 27. Bxb5 Nxb5 28. Nc4 Nc3 29.
Nxa5 Nxa2 30. Kf2 $14) 22. Bxc4 Bxa4 $2 (22... Bd8 23. Bd4 a5 24. Kf2 Kf8 25.
Ke3 Ke8 $14) 23. bxa4 Nd7 24. Kf1 Nb6 (24... Nc5 25. a5 {P d4+/-/}) 25. Bb5 a5
26. Bd4 Bd8 (26... Nc8 27. Ba6 Nd6 28. Bb6 $18) 27. Ke2 f6 (27... Kf8 28. Bc5+)
28. Kd3 Kf7 29. Kc2 Bc7 (29... Ke7 30. Bc5+) 30. Kb3 $18 h5 (30... e5 31. Bc5
Ke6 32. a3 bxa3 33. Kxa3) 31. h3 $22 e5 32. Be3 h4 33. Bd2 Nc8 (33... Ke6 34.
a3 bxa3 35. Bxa5 $18) 34. Kc4 Bb6 35. Ba6 Nd6+ 36. Kd5 Ke7 37. Kc6 Bd4 38. Bd3
g5 39. Bc1 $22 Bf2 (39... Ke6 40. Bc2 {P b3,a3+-/}) 40. Bb2 Be1 (40... Bg1 41.
a3 b3 42. Bc3 $18) 41. Kb6 Nc8+ 42. Kxa5 b3+ 43. Ka6 bxa2 44. Bc4 Kd7 45. Bxa2
Ne7 46. Bc4 Nc8 47. Ba3 1-0

[Event "Hamburg SKA"]
[Site "Hamburg"]
[Date "1991.07.03"]
[Round "6"]
[White "Mueller, Karsten"]
[Black "Knaak, Rainer"]
[Result "0-1"]
[WhiteElo "2425"]
[BlackElo "2515"]
[Annotator "Knaak,R"]
[PlyCount "80"]
[EventDate "1991.06.27"]
[EventType "tourn"]
[EventRounds "13"]
[EventCountry "GER"]
[EventCategory "11"]
[SourceTitle "CBM 024"]
[Source "ChessBase"]
[SourceDate "1991.10.01"]
[SourceVersion "1"]
[SourceVersionDate "1991.10.01"]
[SourceQuality "1"]

1. d4 {Ftacnik} e6 2. Nf3 d5 3. c4 Nf6 4. Nc3 c6 5. e3 Nbd7 6. Bd3 dxc4 7. Bxc4
b5 8. Be2 (8. Bd3 {Ftacnik}) 8... b4 9. Na4 Bb7 10. O-O Be7 11. Bd2 O-O 12. Qc2
(12. a3 $5) 12... a5 13. a3 bxa3 14. bxa3 c5 $1 15. dxc5 Be4 16. Bd3 $6 (16.
Qc4 Rc8 17. Qb5 $6 Bc6 $1 18. Qc4 Nxc5 $15 {Boensch-Smagin/Berlin/1988}) (16.
Qc1 {Ftacnik} Rc8 $10) 16... Bxf3 $1 17. gxf3 Nxc5 $15 18. Nxc5 Bxc5 (18... Rc8
19. Nxe6 $5 Qd5 $13) 19. Bc3 (19. Qxc5 Qxd3 20. Bxa5 (20. Bc3 {Ftacnik} Nd5 $17
) 20... Rfc8 $17) 19... Rc8 (19... Bd6 $1) 20. Ba6 Ra8 21. Be2 (21. Bd3 Bd6 $1)
21... Bd6 $1 22. Kh1 Rc8 23. Qb2 Rb8 24. Qd2 (24. Bxf6 Rxb2 (24... gxf6 $15 {
Ftacnik}) 25. Bxd8 Rxd8 $17) 24... Nd5 $1 25. Bxa5 (25. Qd4 $5 {Ftacnik}) 25...
Qh4 26. f4 Nxf4 $1 27. Qxd6 Nxe2 $17 28. Qd2 $2 (28. Qe5 $6 Qh3 $1 29. Qe4 $6 (
29. f3 f6 $19) 29... Ng3+ $3 30. fxg3 Rb2 $19 {Mueller}) (28. Qc6 Rfc8 29. Qf3
Rb5 30. Bc7 Qc4 $1 {-/+/-+}) (28. Bd2 {Ftacnik} Rb5 $40) 28... Qh5 $19 29. f3
Ng3+ 30. Kg1 Nxf1 31. Rxf1 Rb5 32. Bb4 Rd5 33. Qe2 Rfd8 34. Kh1 h6 35. e4 Rd3
36. Qg2 Rd1 37. Bc3 Rxf1+ 38. Qxf1 Qc5 39. Qa1 Qf2 40. Qg1 Qxf3+ 0-1

[Event "Belgrade GMA op"]
[Site "Belgrade"]
[Date "1988.??.??"]
[Round "?"]
[White "Morovic Fernandez, Ivan"]
[Black "Shabalov, Alexander"]
[Result "0-1"]
[WhiteElo "2545"]
[BlackElo "2430"]
[Annotator "Knaak,R"]
[PlyCount "100"]
[EventDate "1988.12.??"]
[EventType "swiss"]
[EventRounds "9"]
[EventCountry "YUG"]
[SourceTitle "TD"]
[Source "ChessBase"]
[SourceDate "1994.03.01"]
[SourceVersion "1"]
[SourceVersionDate "1994.03.01"]
[SourceQuality "1"]

1. c4 c6 2. d4 d5 3. Nc3 e6 4. Nf3 Nf6 5. e3 Nbd7 6. Bd3 dxc4 7. Bxc4 b5 8. Bd3
Bb7 9. e4 b4 10. Na4 c5 11. e5 Nd5 12. O-O cxd4 13. Nxd4 Nxe5 14. Bb5+ Nd7 15.
Re1 Rc8 16. Qh5 g6 17. Qh3 $6 Be7 $8 18. Rxe6 $6 fxe6 $8 (18... a6 19. Bxa6
Bxa6 20. Rxa6 {/\ Nc6+/-}) (18... O-O 19. Re1 (19. Bxd7 Rxc1+ $1 20. Rxc1 Nf4
$15) 19... N7f6 20. Bh6 a6 21. Bxf8 Bxf8 22. Bf1 $16) 19. Nxe6 Qa5 20. Bxd7+ (
20. Ng7+ Kf8 21. Bh6 (21. Bxd7 Rxc1+ 22. Rxc1 Kxg7) 21... Qxb5 22. Re1 (22. Qe6
Qc6) 22... Qc6 $17) 20... Kxd7 21. Nec5+ (21. Bh6 Kd6 $3 22. b3 Rc3 $17) 21...
Ke8 22. Qd7+ Kf7 23. Nxb7 (23. Qxb7 Rxc5) (23. Qe6+ Kg7 24. Bf4 Nxf4 25. Qxe7+
Kh6) 23... Rc7 $3 $17 24. Nd6+ (24. Qxe7+ Rxe7 25. Nxa5 Re1#) 24... Kg7 25. Qe6
(25. Ne8+ Rxe8 26. Qxe8 Nf6 27. Qb8 Rd7 $19) 25... Rf8 (25... Bf6 $17) 26. Bd2
Nf6 (26... Bxd6 27. Qxd6 Rf6 28. Qe5 Qxa4 29. Qxd5 Rd7 30. Qg5 Qc2 31. Qh6+ Kg8
32. Re1 $13) 27. b3 Qd5 28. Qxd5 Nxd5 29. Nc4 Bf6 30. Rd1 Rd8 31. Be1 Rdd7 32.
Rc1 Nf4 33. Kf1 (33. Rb1 {>=}) 33... Nd3 34. Rd1 Nxe1 35. Rxe1 Rd5 36. g3 Re7
37. Rc1 Red7 38. Rc2 g5 39. Kg2 Kg6 40. h3 h5 41. Nab2 Rd8 (41... Bxb2 $6 $15)
42. Re2 R5d7 {/\ R e7, R de8} 43. Rc2 Rc7 $1 44. Re2 Re7 45. Ne3 (45. Rc2 Re1
$19) 45... a5 46. Nbc4 Ra7 47. Nc2 Ra6 $19 48. Re3 Rd1 49. a3 Rc1 50. Re2 a4 $1
0-1

[Event "Monaco m2"]
[Site "Monte Carlo"]
[Date "1996.??.??"]
[Round "7"]
[White "Lautier, Joel"]
[Black "Piket, Jeroen"]
[Result "1/2-1/2"]
[WhiteElo "2620"]
[BlackElo "2580"]
[Annotator "Knaak,R"]
[PlyCount "65"]
[EventDate "1996.11.29"]
[EventType "match"]
[EventRounds "8"]
[EventCountry "MNC"]
[SourceTitle "CBM 056"]
[Source "ChessBase"]
[SourceDate "1997.02.01"]
[SourceVersion "1"]
[SourceVersionDate "1997.02.01"]
[SourceQuality "1"]

1. d4 d5 2. c4 c6 3. Nf3 Nf6 4. Nc3 e6 5. e3 Nbd7 6. Bd3 dxc4 7. Bxc4 b5 8. Bd3
Bb7 9. O-O b4 10. Ne4 Be7 11. Nxf6+ Nxf6 12. e4 O-O 13. Qe2 {The alternate is
13.e5, but at least in this game the queen move works excellent. Die
Alternative ist 13.e5, aber der Textzug bewährt sich zumindest in dieser
Partie hervorragend.} c5 14. dxc5 Rc8 15. Bd2 $1 {Stattdessen wurden ohne
Erfolg 15.Bf4 und 15.a3 gespielt und 15.Rd1 vorgeschlagen.} Bxc5 16. e5 $14
Bxf3 (16... Nd7 17. Bxh7+ $5 Kxh7 18. Ng5+ Kg6 $1 19. Qd3+ f5 20. Nxe6 Qe7 21.
Nxf8+ Rxf8 $14) (16... Nd5 $2 17. Bxh7+ $1 Kxh7 18. Ng5+ Kg6 (18... Kg8 19. Qh5
$18) 19. Qe4+ f5 20. exf6+ Kxf6 21. Qxe6#) (16... Ng4 $6 17. Be4 Qb6 18. Bxb7
Qxb7 19. h3 Nh6 20. Bxh6 gxh6 $14) 17. Qxf3 Nd5 $5 {I wonder this was an
oversight or Piket had a suspicion about what would happen. Ich frage mich, ob
das ein Übersehen war oder Piket geahnt hat, wie die Partie laufen würde.} (
17... Nd7 18. Qe4 g6 19. Bh6 Re8 20. Bb5 $16) (17... Ng4 18. Qh3 (18. Qxg4 Qxd3
19. Bxb4 Bxb4 20. Qxb4 $13) 18... g6 19. Qxg4 Qxd3 20. Bg5 $14) 18. Qe4 g6 19.
Bh6 Re8 20. Bb5 Re7 $1 {Schwarz muß die Qualität geben, aber dafür den
schwarzfeldrigen B erobern.} 21. Bg5 Qb6 22. Bxe7 Nxe7 {[%csl Yb2,Ye5,Yf2]
Qualität für nichts, also +-? Weiß hat große technische Probleme, weil der Bb5
so schwach ist wie der Bc5 stark ist.} 23. Bd7 $1 (23. Be2 Bd4 24. Rab1 Nc6 $44
) (23. Ba4 Bd4 24. Qe2 Rc5 $44) 23... Rd8 24. Rad1 Nf5 25. Ba4 $6 (25. g4 $1
Nd6 26. Qc6 Nc4 27. Rc1 Nd2 $5 (27... Nxe5 28. Qxc5 Nxd7 (28... Qxc5 $2 29.
Rxc5 Nxd7 30. Rb5 $18) 29. Qxb6 Nxb6 30. Rfd1 {+/-/+/=}) 28. Qxc5 (28. Rxc5
Nxf1 29. Bxe6 (29. Qxb6 axb6 30. Rc7 Nd2 31. Kg2 g5 32. f3 $14) 29... Qxc6 30.
Rxc6 Nxh2 31. Kxh2 (31. Bxf7+ Kxf7 32. Kxh2) 31... fxe6 $16) 28... Qxc5 29.
Rxc5 Nxf1 30. Rc7 Nd2 31. Kg2 $16) 25... Rxd1 26. Bxd1 (26. Rxd1 Bxf2+ 27. Kh1)
26... Bd4 27. b3 Qc5 28. Bg4 Ne7 $1 29. Bf3 Nd5 30. Qh4 Nc3 31. Qd8+ Kg7 32.
Qf6+ (32. Qd6 Qxe5 33. Qxb4 Nxa2 $11) 32... Kg8 33. Qd8+ 1/2-1/2